00766 a2200193 4500020002200000020002500022050001800047100001900065245003400084250001200118264004600130300002700176500001900203504005300222650001700275856008300292856009100375856010600466 a0199282382 (pbk.) a9780199282388 (pbk.)00aKF9201JON20011 aJones, Stephen10aCriminology /cStephen Jones. a3rd ed. aNew York:bOxford university press,c2001 axxxv, 594 p. :bill. ; aincludes index aIncludes bibliographical references and indexes. 0aCriminology.413Table of contents onlyuhttp://www.loc.gov/catdir/toc/ecip0517/2005024076.html423Publisher descriptionuhttp://www.loc.gov/catdir/enhancements/fy0637/2005024076-d.html423Contributor biographical informationuhttp://www.loc.gov/catdir/enhancements/fy0724/2005024076-b.html